| 000 | 00869nmm a2200265 a 4500 | ||
|---|---|---|---|
| 001 | ocm0002347330 | ||
| 003 | TR-IsHL | ||
| 005 | 20201028184623.0 | ||
| 008 | 190512s2019 tu eng | ||
| 007 | cr cn | ||
| 020 | _a9786057566492 | ||
| 035 |
_a2347330 _b(N$T) |
||
| 050 | 0 | 4 |
_aPS3505.A87 _bM8947 2019 |
| 090 | 0 | 4 |
_aPS3505.A87 _bM8947 2019 |
| 100 | 1 | _aCather, Willa | |
| 245 | 1 | 0 |
_aMy antonia _h[electronic resource] / _cWilla Cather |
| 260 |
_aİstanbul : _be-Kitap Projesi & Cheapest Books, _c2019 |
||
| 300 | _a285 p. | ||
| 650 | 4 | _aDil ve Edebiyat | |
| 650 | 4 | _aLanguage and Literature | |
| 650 | 0 |
_aÇek Amerikalılar _x Roman |
|
| 650 | 0 |
_aCzech Americans _x Fiction |
|
| 650 | 7 |
_aLITERARY COLLECTIONS / American / General _2bisacsh |
|
| 856 | 4 | 0 | _uhttp://search.ebscohost.com/login.aspx?direct=true&scope=site&db=e011xww&AN=2347330 |
| 999 |
_c21083 _d21083 |
||